000 00303nam a22001217a 4500
008 160427b xxu||||| |||| 00| 0 eng d
020 _a9780131713086
020 _a`0131713086
041 _aeng
080 _a618.2
245 _aMedical surgical nursing:
_cPriscilla LeMone; Karen Burk;
942 _2udc
_cBK
999 _c1635
_d1635